000 00838nam a2200241Ia 4500
001 15958
003 GE_BSU
008 181216s||||||||xx |||||||||||||| ||und||
040 _cGE_BSU
080 _a821.353.1-31
100 _aჯაფარიძე, რ. (რევაზ)
245 _aრჩეული თხზულებანი : 4 ტომად.ტ. ვნების კვირა
245 _bრომანი
245 _cრედ.თ.აბულაძე.. მხ.შ.ნიორაძე
260 _aთბილისი
260 _bსაბჭ. საქართველო
260 _c1989
300 _a639 გვ.22 სმ
653 _aვნების კვირა
653 _aრომანი
653 _aრჩეული თხზულებანი
942 _cBK
999 _c49052
_d49052